000 00305nam a22001337a 4500
008 170519b xxu||||| |||| 00| 0 eng d
020 _a9780138550400
041 _aeng
080 _23RD
_a94
100 _a16
101 _aSHH
245 _aSTRUCTURE OF CANADIAN HISTORY
_cFINLAY,. J.L
942 _2udc
_cBK
999 _c13579
_d13579